[Event "3rd Sharjah Masters 2019"]
[Site "Sharjah"]
[Date "2019.03.23"]
[Round "2.37"]
[White "Vignesh, N R"]
[Black "Poormosavi, Seyed Kian"]
[Result "1-0"]
[WhiteElo "2476"]
[BlackElo "2261"]
[Annotator "TA"]
[PlyCount "79"]
[EventDate "2019.03.22"]
[EventType "swiss"]
[EventCountry "UAE"]
[SourceTitle "playchess.com"]
[Source "ChessBase"]
[SourceQuality "1"]

{[%evp 18,79,10,4,14,7,20,10,49,28,38,26,27,23,16,13,27,0,67,69,89,71,93,66,77,86,86,51,46,46,54,52,59,54,85,98,156,156,208,214,253,58,230,230,229,232,232,229,222,204,247,246,463,427,402,387,29978,29978,29979,29980,29980,29981,29980,29981]} 1. d4 Nf6 2. Nf3 e6 3. Bg5 h6 4. Bh4 b6 5. e3 Bb7 6. Nbd2 Be7 7. Bd3 c5 8. O-O O-O 9. c3 d6 10. Qe2 Qc7 {A46: 1 d4 Nf6 2 Nf3 e6: Torre, London and Colle Systems} (10... Nbd7 11. e4 Nh5 12. Bxe7 Qxe7 13. g3 e5 14. d5 a6 15. a4 g6 16. Qe3 Kg7 17. Nh4 Nf4 18. Bc2 b5 19. Kh1 {1-0 (46) Artemiev,V (2692)-Korotylev,A (2573) Sochi 2017}) 11. Rfd1 Nc6 12. a4 $146 ({Predecessor:} 12. Rac1 Rac8 13. e4 Nh5 14. Qe3 Bxh4 15. Nxh4 e5 16. d5 Ne7 17. Be2 Nf6 18. c4 {1-0 (53) Binder,T (2267)-Papp,G (2291) Hungary 2002}) 12... e5 {The position is equal.} (12... d5 {with more complications.} 13. h3 Rad8 14. Bg3 Bd6 15. Bxd6 Qxd6 16. e4 Nd7) 13. dxe5 dxe5 14. Bxf6 Bxf6 15. Ba6 Bxa6 16. Qxa6 Rad8 17. e4 g6 (17... Na5 $11) 18. Nc4 $14 Bg7 19. Ne3 Ne7 20. Qc4 Rxd1+ 21. Rxd1 Rd8 22. Nd5 Nxd5 23. Rxd5 Rxd5 24. Qxd5 Qc8 25. Nd2 Qg4 26. Nc4 $1 Qe2 (26... h5 $142) 27. g3 $16 h5 (27... Qg4 $16 {is a better defense.} 28. Qa8+ Bf8 29. Nxe5 Qe6) 28. h4 $1 $18 ({Stronger than} 28. Nxe5 Bxe5 29. Qxe5 Qxb2 $11) 28... Qf3 29. Nd6 $2 ({And not} 29. Nxe5 Bxe5 30. Qxe5 Qd1+ 31. Kh2 Qxa4 $11) ({White should play} 29. Qa8+ $18 Kh7 30. Qxa7) 29... Bf8 $2 {[#]} (29... Bh6 $1 $14) 30. Ne8 $1 Bg7 31. Nxg7 Kxg7 32. Qxe5+ {[%mdl 4096] Endgame KQ-KQ} Kh7 {[#]} 33. Qc7 $1 Qxe4 34. Qxf7+ Kh8 $2 (34... Kh6 35. a5 (35. Qxa7 Qe1+ 36. Kg2 Qe4+ 37. Kh2 Qf3 $11) 35... Qb1+ 36. Kg2 Qe4+ 37. Qf3 Qe6) 35. Qxa7 Qb1+ 36. Kg2 Qxb2 $2 (36... Qe4+ $18 37. Kh2 Qf3 38. Qb8+ Kg7 39. Qc7+ (39. Qxb6 Qxf2+ 40. Kh3 Qf1+ 41. Kh2 Qe2+ 42. Kg1 Qe3+ 43. Kh2 Qe2+ 44. Kh3 Qg4+ 45. Kh2 Qe2+ $11) 39... Kg8 40. Qc8+ Kh7 41. Qd7+ Kg8) 37. Qb8+ {White mates.} Kh7 38. Qb7+ Kh6 {[#]} 39. a5 $1 {[%cal Ba4a5,Ba5a6][%mdl 544]} Qxc3 (39... bxa5 40. Qxb2) 40. a6 {Accuracy: White = 55%, Black = 26%.} 1-0

[Event "3rd Sharjah Masters 2019"]
[Site "Sharjah"]
[Date "2019.03.23"]
[Round "2.38"]
[White "El Adnani, Mokliss"]
[Black "Pranav Vijay"]
[Result "1-0"]
[WhiteElo "2455"]
[BlackElo "2265"]
[Annotator "TA"]
[PlyCount "85"]
[EventDate "2019.03.22"]
[EventType "swiss"]
[EventCountry "UAE"]
[SourceTitle "playchess.com"]
[Source "ChessBase"]
[SourceQuality "1"]

{[%evp 16,84,0,0,0,0,19,11,15,-31,-34,-30,-19,-50,0,0,11,0,415,421,758,727,747,742,714,731,760,731,753,754,750,746,918,910,1143,1118,1642,1200,1747,1087,1079,1079,1079,1075,1026,989,1917,1933,917,787,6303,1064,5397,1844,29988,29987,29987,29987,29987,29972,29987,29988,29988,29989,29989,29990,29997,29998,29998,29999,29999]} 1. Nf3 Nf6 2. b3 b6 3. g3 Bb7 4. Bg2 e6 5. Bb2 c5 6. c4 Be7 7. O-O O-O 8. e3 d5 9. cxd5 Nxd5 {A14: English Opening: 1...e6 with b3 by White} 10. d4 cxd4 (10... Nd7 11. Qe2 Rc8 12. Rd1 N5f6 13. Nc3 cxd4 14. Nxd4 Bxg2 15. Kxg2 Rc5 16. Rac1 Ne5 17. e4 Qa8 18. f3 Rfc8 {½-½ (35) Alonso Rosell,A (2528)-Stopa,J (2540) Montcada 2015}) 11. Nxd4 Nc6 {The position is equal.} 12. e4 $146 ({Predecessor:} 12. Nxc6 Bxc6 13. e4 Nb4 14. Qe2 Qd3 15. Qg4 g6 16. Rd1 h5 17. Rxd3 hxg4 18. Rd2 Rfd8 19. Bc3 {½-½ (19) Becker,A (2071)-Gissler,J (1664) Oberwinden 2007}) 12... Ndb4 {...Nxd4 is the strong threat.} 13. Nxc6 Nxc6 14. Nd2 {[%cal Bb1d2,Bd2e4,Be4f6][%mdl 32]} Bc5 15. e5 Qe7 16. Ne4 $36 {[%mdl 2048] White has some pressure.} Rad8 $2 {[%mdl 8192] [#]} (16... Rfd8 $1 $11 {and Black has nothing to worry.} 17. Qe2 Nd4) 17. Nf6+ $1 $18 {[%mdl 512]} Kh8 {[#]} (17... Qxf6 $142 18. exf6 Rxd1) (17... gxf6 18. Qg4+) 18. Qh5 $1 {[%csl Gf6][%cal Rh5h7]} h6 19. Bc1 Nxe5 {[#]} 20. Bxh6 $1 {[%cal Rh6g5]} Qxf6 21. Bg5+ {[%mdl 64] Skewer, Discovered Attack} Kg8 22. Bxf6 {[%mdl 64] Discovered Attack} gxf6 23. Bxb7 Rd2 24. Rad1 Rb2 25. Be4 {[%csl Ge4][%cal Rh5h7]} Re8 26. Kh1 Kg7 27. f4 Rh8 28. Qxh8+ Kxh8 29. fxe5 f5 {[#]} 30. Bxf5 $1 exf5 31. Rxf5 {[%mdl 4096] Endgame KRR-KRB} Kg7 32. Rdf1 Kg6 33. Rf6+ Kg5 34. Rxf7 Kg4 35. Rg7+ {White mates.} Kh3 36. Rh7+ Kg4 37. Rxa7 Kh3 38. Rh7+ Kg4 39. Rf4+ Kg5 40. Rf6 Rxa2 41. Rg7+ Kh5 42. g4+ Kh4 43. Rh6# {Accuracy: White = 58%, Black = 25%.} 1-0

[Event "3rd Sharjah Masters 2019"]
[Site "Sharjah"]
[Date "2019.03.23"]
[Round "2.39"]
[White "Praveen Kumar C"]
[Black "Sadhwani, Raunak"]
[Result "1-0"]
[WhiteElo "2243"]
[BlackElo "2455"]
[Annotator "TA"]
[PlyCount "47"]
[EventDate "2019.03.22"]
[EventType "swiss"]
[EventCountry "UAE"]
[SourceTitle "playchess.com"]
[Source "ChessBase"]
[SourceQuality "1"]

{[%evp 9,47,42,36,-22,-15,-43,-33,-38,-26,-37,-35,-56,-18,-17,0,0,0,-91,106,102,159,149,155,149,149,150,139,129,141,120,121,139,206,183,187,195,325,329,1366,1369]} 1. d4 b6 2. c4 Bb7 3. Nc3 e6 4. f3 d5 5. cxd5 exd5 6. e3 $146 {A40: Unusual replies to 1 d4} (6. e4 $14) ({Predecessor:} 6. Nh3 Bd6 7. e4 dxe4 8. fxe4 Nc6 9. Be3 Nh6 10. Qh5 Qd7 11. Be2 O-O {½-½ (26) Aleksandrov,A (2659)-Beliavsky,A (2660) Mallorca 2004}) 6... Bd6 7. Qc2 Nf6 8. Bd3 {Black is slightly better.} O-O 9. g4 c5 {Threatens to win with ...Nc6.} 10. Qf2 cxd4 11. exd4 {[#]} Ne4 $1 {[%mdl 512]} 12. fxe4 (12. Nxe4 Re8) 12... dxe4 13. Qg2 (13. Nxe4 Re8 $15) (13. Bxe4 Bxe4 14. Nf3 (14. Nxe4 Re8 $17) 14... Bb7 $17) (13. Bc2 $1 $11 e3 {[%mdl 64] Discovered Attack} 14. Bxe3 Bxh1 15. Nf3) 13... Bb4 $2 (13... Qh4+ $17 {keeps the pressure on.} 14. Kd1 exd3 15. Qxb7 Qf2) 14. Bc2 $16 {Nge2 is the strong threat.} (14. Bxe4 $2 Bxc3+ 15. bxc3 Re8 $19) 14... Nc6 {[#]} (14... Qxd4 $142 15. Nge2 Bxc3+ 16. bxc3 Qc5) 15. Be3 $1 ({But not} 15. Bxe4 $2 Re8 $19) 15... Na5 {intending ...Nc4.} 16. Bb3 ({Don't go for} 16. Bxe4 $2 Bxe4 17. Qxe4 Re8 $19) 16... Nxb3 17. axb3 f5 {aiming for ...f4.} 18. Nge2 fxg4 19. Qxg4 Rf3 20. Rg1 {[%csl Gg1][%cal Rg4g7]} Qe7 (20... Qf6 $16 {was worth a try.}) 21. Bh6 $1 $18 {[%cal Rg4g7]} g6 22. h4 e3 (22... Bc8 {was called for.} 23. Qg5 Qxg5 24. Rxg5 Rh3) 23. h5 Rf2 $2 (23... Qe4 24. hxg6 Qxg4 25. Rxg4 Rh3) 24. hxg6 {Accuracy: White = 72%, Black = 48%.} 1-0

[Event "3rd Sharjah Masters 2019"]
[Site "Sharjah"]
[Date "2019.03.23"]
[Round "2.40"]
[White "Aditya, Mittal"]
[Black "Al Hosani, Omran"]
[Result "1-0"]
[WhiteElo "2454"]
[BlackElo "2238"]
[Annotator "TA"]
[PlyCount "140"]
[EventDate "2019.03.22"]
[EventType "swiss"]
[EventCountry "UAE"]
[SourceTitle "playchess.com"]
[Source "ChessBase"]
[SourceQuality "1"]

{[%evp 14,140,14,16,16,12,34,0,0,0,0,0,13,-9,0,-2,0,-8,0,-14,37,22,37,20,51,38,42,28,43,0,0,0,0,0,0,-8,53,54,81,66,72,34,27,25,30,0,43,0,17,17,30,-36,16,16,16,7,14,8,8,0,0,0,0,0,0,0,0,0,0,0,0,0,0,0,2,4,4,4,0,0,129,0,642,639,628,592,587,0,0,0,587,0,0,0,813,749,650,635,5704,4997,6286,5620,29966,29967,29964,29969,29968,29970,29968,29971,29971,29972,29972,29973,29972,29974,29973,29975,29975,29976,29974,29977,29977,29978,29978,29979,29979,29978,29985]} 1. d4 Nf6 2. c4 g6 3. Nc3 d5 4. cxd5 Nxd5 5. Bd2 Bg7 6. e4 Nxc3 7. Bxc3 O-O 8. Qd2 Nd7 {D85: Exchange Grünfeld: Unusual White 7th moves and lines with 7 Nf3} (8... c5 9. d5 Bxc3 10. bxc3 Qd6 11. f4 e6 12. Bc4 b5 13. Bxb5 exd5 14. Bc4 Bb7 15. Nf3 Rd8 16. Bxd5 Bxd5 17. Qxd5 Qxd5 18. exd5 Rxd5 {½-½ (29) Tomashevsky,E (2702)-Nepomniachtchi,I (2768) Satka 2018}) 9. Nf3 b6 10. h4 $146 ({Predecessor:} 10. Bd3 e6 11. O-O c5 12. Rfd1 Bb7 13. Qe3 Qe7 14. Rac1 Rac8 15. Bb5 Nf6 16. Bd3 {½-½ (39) Lenic,L (2640)-Sutovsky,E (2620) Austria 2016}) 10... Nf6 {The position is equal.} 11. Bd3 Bb7 12. Qe2 e6 13. O-O-O c5 14. dxc5 Qe7 15. Kb1 Rfd8 16. e5 Nd5 (16... Bxf3 $11 17. Qxf3 (17. gxf3 Nd5 $11) 17... Nd5) 17. Bd2 $14 bxc5 18. Bg5 f6 19. exf6 Bxf6 20. Bc4 Rab8 $1 21. Bxf6 Qxf6 22. Qe5 Qxe5 23. Nxe5 Nf4 24. f3 $132 {[%mdl 2048] White has counterplay} Kg7 (24... Nxg2 $11 25. h5 (25. Bxe6+ Kg7 $11) 25... Nf4) 25. g3 Nd5 26. Rd3 Nb6 27. Rhd1 Rxd3 28. Bxd3 Rd8 29. Bc2 Bd5 30. h5 Nd7 31. h6+ Kf6 32. Nd3 (32. Ng4+ $11 Kg5 33. Rd3) 32... Ne5 (32... c4 $15 33. Nf4 Bxf3) 33. Nxe5 $11 Kxe5 {[%mdl 4096] Endgame KRB-KRB} 34. f4+ Kf6 35. Re1 g5 36. Re5 gxf4 37. gxf4 Rg8 {Hoping for ...Rg1+.} 38. Bxh7 Rh8 39. Be4 Bxe4+ 40. Rxe4 Rxh6 {KR-KR} 41. Re5 Rh4 42. Rxc5 Rxf4 43. Ra5 e5 44. Ra6+ Kf5 45. Rxa7 e4 46. Kc2 {Threatens to win with Rf7+.} Kg4 (46... Rf2+ $11 47. Kc3 e3) 47. Re7 ({White should play} 47. a4 $1 $16) 47... Kf3 $2 {[%mdl 8192]} (47... Rf2+ $11 48. Kc3 Kf3) 48. a4 $18 Rf6 49. b4 {[%cal Bb2b4,Bb4b5][%mdl 32]} e3 50. Kd3 $2 (50. b5 $1 $18 e2 51. Kc3) 50... Rd6+ $11 51. Kc4 e2 $2 {[%mdl 8192] [#]} (51... Rd1 $11 {and Black stays safe.}) 52. a5 $2 (52. b5 $1 $18 Rd1 53. b6 Rc1+ 54. Kb5 Rb1+ 55. Ka6) 52... Rc6+ 53. Kd4 {Strongly threatening Rxe2!} Rh6 $2 {[%mdl 8192] [#]} (53... Rc1 $11) 54. b5 $1 $18 {[%cal Rb5b6]} Rh5 55. Kc4 Rh4+ 56. Kd3 Rh5 57. Rf7+ Kg2 58. Kxe2 {White mates.} Rxb5 59. Rg7+ Kh3 60. a6 {[%cal Ba5a6,Ba6a7][%mdl 32]} Ra5 61. a7 Ra3 62. Kd2 Kh4 63. Kc2 Kh5 64. Kb2 Ra6 65. Kb3 Kh6 66. Rb7 Ra1 67. Kc4 Kg6 68. Kb5 Kf5 69. Kb6 Ke6 70. Rb8 Kd5 {Accuracy: White = 63%, Black = 59%.} 1-0

[Event "3rd Sharjah Masters 2019"]
[Site "Sharjah"]
[Date "2019.03.23"]
[Round "2.41"]
[White "Gukesh, D."]
[Black "Paramzina, Anastasya"]
[Result "1-0"]
[WhiteElo "2529"]
[BlackElo "2196"]
[Annotator "TA"]
[PlyCount "65"]
[EventDate "2019.03.22"]
[EventType "swiss"]
[EventCountry "UAE"]
[SourceTitle "playchess.com"]
[Source "ChessBase"]
[SourceQuality "1"]

{[%evp 22,65,45,45,45,17,47,22,58,52,88,37,27,0,23,16,16,17,17,14,10,0,0,0,55,0,0,-24,0,-137,-135,-213,-258,-218,-222,-221,-231,-475,29992,29993,29993,29994,29994,29995,29995,29996]} 1. Nf3 Nf6 2. g3 b6 3. Bg2 Bb7 4. O-O c5 5. c4 g6 6. Nc3 Bg7 7. d4 cxd4 8. Qxd4 O-O 9. Qh4 d6 10. Bh6 Nbd7 11. Rfd1 Rc8 12. b3 a6 {A30: Symmetrical English: Double Fianchetto and Hedgehog} (12... Rc5 13. Ng5 Bxg2 14. Kxg2 Re8 15. Bxg7 Kxg7 16. Nge4 Qa8 {½-½ (16) So,W (2674)-Svidler,P (2734) Amsterdam 2010}) 13. Rac1 Re8 14. Bh3 $146 ({Predecessor:} 14. Bxg7 Kxg7 15. Ne1 Qc7 16. Bxb7 Qxb7 17. Ng2 b5 18. Ne3 Ne5 19. Qg5 bxc4 20. Nf5+ {½-½ (31) Dehne,M (2219)-Steinmetzer,T (2069) Dortmund 2009}) 14... Bh8 {The position is equal.} 15. Ng5 {Threatens to win with Ne6!} Qc7 16. Ne6 (16. Qf4 $1 $16) 16... Qb8 $1 $14 ({Don't blunder} 16... Qc6 $2 17. Nd5 $18) 17. Nd5 Nxd5 18. cxd5 {next Ng5 is good for White.} Nf6 19. e4 Rxc1 $1 20. Rxc1 Rc8 {Threatening ...Rxc1+.} 21. Re1 Rc2 22. Nd4 Rc5 (22... Rxa2 $11 23. Rc1 Bg7) 23. Nf5 ({White should play} 23. a4 $14) 23... Qc7 $11 24. b4 Rc4 25. a3 (25. Qg5 $11 {remains equal.}) 25... Bxd5 $1 $17 {[%cal Rc4e4][%mdl 64] Pin} 26. Bf1 (26. Bg2 $17) 26... Rxe4 $19 27. Rc1 Qd7 28. Qg5 Re5 {[%mdl 64] Pin} 29. Bh3 $2 (29. Bxa6 Bc6 30. g4) 29... Be6 $4 {[%mdl 8192] [#]} ({Not} 29... Ne4 {[#]} 30. Nxe7+ $1 {[%mdl 512]} Rxe7 31. Bxd7 Re8 32. Qe7 $1 {[%mdl 512]} Nf6 33. Bxe8 Bg7 34. Bxf7+ $1 {[%mdl 512]} Bxf7 35. Rc8+ Ne8 36. Rxe8+ {[%mdl 64] Remove Defender} Bxe8 37. Qxg7#) (29... Bb7 $19 30. Qd2 Rxf5) 30. Rc8+ $1 {[%mdl 512] White mates.} Ne8 (30... Qxc8 31. Nxe7#) 31. Nxe7+ Qxe7 32. Qxe7 {[%cal Rc8e8]} Re1+ 33. Bf1 {Accuracy: White = 25%, Black = 64%.} 1-0

[Event "3rd Sharjah Masters 2019"]
[Site "Sharjah"]
[Date "2019.03.23"]
[Round "2.42"]
[White "Mohammed, Dilshad"]
[Black "Abdusattorov, Nodirbek"]
[Result "0-1"]
[WhiteElo "2006"]
[BlackElo "2560"]
[Annotator "TA"]
[PlyCount "74"]
[EventDate "2019.03.22"]
[EventType "swiss"]
[EventCountry "UAE"]
[SourceTitle "playchess.com"]
[Source "ChessBase"]
[SourceQuality "1"]

{[%evp 9,74,0,0,-33,0,0,3,0,8,-37,-33,-21,-43,-36,-40,-168,-173,-163,-160,-173,-162,-216,-220,-236,-226,-217,-208,-255,-242,-255,-255,-255,-256,-283,-283,-283,-289,-280,-278,-291,-270,-385,-384,-385,-372,-379,-281,-357,-329,-382,-355,-410,-398,-389,-406,-371,-366,-424,-420,-435,-412,-447,-441,-563,-543,-1100,-1042]} 1. Nf3 Nf6 2. c4 b6 3. e3 Bb7 4. Nc3 e6 5. Be2 d5 {LiveBook: 5 Games} 6. Qc2 $146 {A15: English Opening: 1...Nf6} ({Predecessor:} 6. d4 Nbd7 7. O-O Bd6 8. b3 O-O 9. Bb2 a6 10. Rc1 Qe7 11. Bd3 dxc4 12. Bxc4 Rfd8 13. Qe2 c5 14. dxc5 Nxc5 {0-1 (48) Vogel,R (2401)-Teske,H (2496) Erfurt 2014}) 6... a6 7. b3 Bd6 8. Bb2 {The position is equal.} Nbd7 9. Rg1 c5 {[%cal Bc7c5,Bc5d4][%mdl 32]} 10. g4 {[#]} d4 $1 {[%mdl 512]} 11. exd4 cxd4 12. Na4 {[#]} ({Only move:} 12. Nxd4 $15 Bxh2 13. Rf1) 12... b5 $1 $19 {[%mdl 512]} 13. g5 (13. cxb5 axb5) 13... bxa4 14. gxf6 Qxf6 15. Nxd4 (15. Bxd4 {was necessary.} e5 16. Be3) 15... Be5 (15... Bxh2 16. Nf3 $14) 16. Qd3 Nc5 ({Don't play} 16... Bxh2 17. O-O-O) 17. Qe3 {Strongly threatening Nxe6!} Ne4 (17... Bxh2 18. Nxe6 Qxe6 19. Rxg7) 18. Rg4 Rd8 {[%cal Re5d4,Ba8d8,Bd8d7,Bd7d4][%mdl 32]} 19. Rxe4 Bxe4 20. Qxe4 {Black should prevent Nxe6.} Bxd4 21. Qc6+ Rd7 ({Don't do} 21... Kf8 22. Ba3+ Kg8 23. O-O-O $19) 22. Qc8+ {[#]} Qd8 $1 {[%cal Rd8c8]} 23. Qxd8+ Kxd8 24. Bxd4 Rxd4 25. bxa4 {[%mdl 4096] Endgame KRR-KRB} (25. h3 $142) 25... Kc7 26. O-O-O Rhd8 27. Kc2 e5 28. f3 R8d6 29. Bf1 Rf4 30. Re1 Rxf3 31. Bg2 Rf2 32. Bd5 f6 33. a5 Rd8 34. h3 Rb8 35. Kc3 Kd6 {Black is clearly winning.} 36. d4 Rxa2 37. Bf7 {c5+ is the strong threat.} Ra3+ {Precision: White = 47%, Black = 89%.} 0-1

[Event "3rd Sharjah Masters 2019"]
[Site "Sharjah"]
[Date "2019.03.23"]
[Round "2.43"]
[White "Arencibia Rodriguez, Walter"]
[Black "Bommini, Mounika Akshaya"]
[Result "1-0"]
[WhiteElo "2506"]
[BlackElo "2076"]
[Annotator "TA"]
[PlyCount "75"]
[EventDate "2019.03.22"]
[EventType "swiss"]
[EventCountry "UAE"]
[SourceTitle "playchess.com"]
[Source "ChessBase"]
[SourceQuality "1"]

{[%evp 14,75,22,27,39,31,49,39,53,16,16,19,13,7,9,5,16,10,7,0,0,0,7,0,0,0,22,18,25,19,25,17,22,22,27,29,27,29,22,4,0,2,0,4,7,12,16,0,116,114,172,180,186,176,168,131,153,161,766,724,710,684,1184,1184]} 1. d4 d5 2. c4 c6 3. Nc3 Nf6 4. e3 a6 5. Qc2 g6 6. Nf3 Bg7 7. Bd3 O-O 8. O-O Nbd7 {D10: Slav Defence: 3 cxd5 (without early Nf3) and 3 Nc3} (8... Bg4 9. Ne5 Be6 10. c5 Nbd7 11. Nxd7 Bxd7 12. f4 Qc7 13. Bd2 Ng4 14. Na4 Nh6 15. Nb6 Rae8 16. Nxd7 Qxd7 {0-1 (58) Zhou,J (2616)-Malakhov,V (2689) China 2018}) 9. cxd5 Nxd5 10. Nxd5 cxd5 {White is slightly better.} 11. Bd2 e5 12. dxe5 Nxe5 13. Nxe5 Bxe5 14. Bc3 d4 15. exd4 Bxd4 16. Rad1 Bxc3 17. Qxc3 {Strongly threatening Bxg6!} Qb6 $146 18. Be4 Be6 19. b3 a5 20. h4 a4 {[%cal Ra4b3]} 21. h5 Qa5 $1 {[%cal Ra5c3]} ({But not} 21... axb3 $2 22. Qf6 $18) 22. b4 Qxh5 23. Bxb7 Rab8 24. Bf3 Qg5 25. a3 Rfc8 26. Qd2 (26. Qb2 {is interesting.} h5 27. Rfe1 h4 28. Qd4 Rb5 29. Re3) 26... Qxd2 27. Rxd2 Rc3 28. Ra1 Rbc8 29. Rd6 Kf8 30. b5 {[%cal Bb4b5,Bb5b6,Bb6b7][%mdl 32]} Ke7 (30... Rb8 $11) 31. Ra6 $16 Bc4 {[#]} (31... Rb8 $16 {might work better.}) 32. Ra7+ $1 $18 Kd6 33. b6 Rb8 34. Rd1+ Kc5 35. b7 {Black must now prevent Ra8.} Bb3 $2 {[#]} (35... Rxf3 36. gxf3 Bb3) 36. Rd8 $1 {[%mdl 512] White is clearly winning.} Rxd8 37. Ra8 Rcd3 {...Be6 is the strong threat.} 38. Rc8+ {Accuracy: White = 67%, Black = 58%.} 1-0

[Event "3rd Sharjah Masters 2019"]
[Site "Sharjah"]
[Date "2019.03.23"]
[Round "2.44"]
[White "Thrish, Karthik"]
[Black "Harsha, Bharathakoti"]
[Result "1/2-1/2"]
[WhiteElo "2096"]
[BlackElo "2497"]
[Annotator "TA"]
[PlyCount "161"]
[EventDate "2019.03.22"]
[EventType "swiss"]
[EventCountry "UAE"]
[SourceTitle "playchess.com"]
[Source "ChessBase"]
[SourceQuality "1"]

{[%evp 20,161,12,16,56,38,41,10,0,12,14,8,12,12,20,10,33,36,38,36,41,19,30,0,0,0,0,0,0,0,0,-13,-13,-16,-21,-20,-19,-14,-9,-16,-20,-18,-21,-19,-14,-47,-31,-36,0,-11,-9,-12,0,0,0,0,0,0,0,0,0,-6,-3,-6,-6,-5,0,-61,-66,-61,-62,-62,-62,-72,-18,-18,-18,-18,-18,-18,-18,-18,-18,-18,-18,-28,-28,-28,-28,-28,-28,-28,-28,-28,-28,-28,-18,-18,-18,-18,-18,-18,-18,-18,-18,-18,-18,-18,-18,-18,-18,-18,-18,-18,-18,-18,-18,-18,-18,-58,0,-18,-18,-18,-18,-18,0,-51,-51,-51,-58,-65,-65,-65,-65,-65,0,-18,-18,-18,-18,-18,-18,-18]} 1. Nf3 Nf6 2. c4 b6 3. g3 Bb7 4. Bg2 g6 5. b3 Bg7 6. Bb2 O-O 7. O-O c5 8. Nc3 d6 9. d4 cxd4 10. Nxd4 Bxg2 11. Kxg2 Qd7 {A30: Symmetrical English: Double Fianchetto and Hedgehog} (11... Qc8 12. e4 Qb7 13. f3 Nbd7 14. Qe2 Rfe8 15. Rfd1 a6 16. Rab1 Rac8 17. a4 e6 18. Kg1 d5 19. e5 Nh5 20. f4 dxc4 21. Ne4 Bf8 22. bxc4 {0-1 (41) Korotylev,A (2573)-Dubov,D (2666) Sochi 2017}) 12. Qd3 Rc8 $146 ({Predecessor:} 12... Nc6 13. f3 h5 14. Nd5 Ne5 15. Qd2 Rac8 16. Nxf6+ Bxf6 17. f4 Nc6 18. e4 Bg7 19. Rae1 {1-0 (38) Kuehn,T (1930)-Bauch,F (1978) Gladenbach 2011}) 13. Nd5 Na6 14. Nxf6+ Bxf6 15. Qf3 Bg7 16. Rab1 Nb4 17. a3 Na6 18. Nb5 Nc5 19. Bxg7 Kxg7 20. Rfd1 (20. Nc3 {keeps more tension.} h5 21. h4 Qg4 22. Qe3 Qe6 23. Qd2) 20... Qc6 21. Qxc6 (21. Nc3 {looks sharper.} Qxf3+ 22. exf3 Rc6 23. f4 Re8 24. h4) 21... Rxc6 22. Nd4 Rc7 23. Nb5 Rb7 24. Nc3 a6 25. b4 Nd7 26. Nd5 Kf8 27. Rbc1 Rc8 28. Rc2 Ne5 29. Rdc1 e6 30. Ne3 Ke7 31. f4 Nd7 32. g4 h6 33. Rd1 f5 34. Rcd2 Rc6 35. Kf3 b5 36. gxf5 gxf5 37. Rc2 Ra7 38. cxb5 Rxc2 39. Nxc2 {Threatens to win with Nd4.} axb5 $11 {[%mdl 4096] Endgame KRN-KRN} 40. Nd4 Rxa3+ 41. e3 Nf6 {aiming for ...Ng4.} 42. Nxb5 Rb3 43. Nxd6 (43. Nd4 $11 Rb2 44. Rc1) 43... Ng4 $1 $15 {[%cal Rg4e3]} 44. Nc4 $1 Nxh2+ 45. Ke2 Ng4 46. Rh1 Rc3 (46... Rxb4 $17 47. Ne5 Rb2+ 48. Kf3 Rh2 49. Rxh2 Nxh2+ 50. Kg3 Nf1+ {[%mdl 64] Double Attack} 51. Kf3 Nd2+ 52. Kg3 Ne4+ 53. Kg2 Nf6) 47. Ne5 $11 Rxe3+ 48. Kd2 Re4 (48... Rg3 {feels hotter.} 49. Nxg4 Rxg4 50. Ke3 Kd6 51. Rxh6 Rg3+) 49. Nxg4 fxg4 50. Rxh6 Rxf4 {KR-KR} 51. b5 Rb4 52. Kc3 Rxb5 {[#] ...Rg5 is the strong threat.} 53. Rg6 Rd5 54. Rxg4 Kf6 55. Rf4+ Kg5 56. Re4 Kf5 57. Re1 e5 58. Kc4 Rd4+ (58... Ra5 {seems wilder.} 59. Rh1 Ra8 60. Rf1+ Ke6 61. Re1 Ra4+) 59. Kc3 $1 Rd8 {[#] Hoping for ...e4.} 60. Rf1+ Ke4 61. Re1+ Kf4 62. Rf1+ Kg3 {Strongly threatening ...e4.} 63. Re1 Rd5 {White must now prevent ...Kf2.} 64. Kc4 Rd4+ 65. Kc3 $1 Kf4 66. Rf1+ Ke4 67. Re1+ Kf5 68. Rf1+ Rf4 69. Re1 Rd4 70. Rf1+ Ke6 71. Rh1 Kd5 72. Ra1 Ke6 73. Rh1 $1 Rd8 74. Re1 Rd5 75. Kc4 Kd6 76. Rh1 {Threatening mate with Rh6+.} Rd4+ 77. Kc3 Kd5 78. Ra1 {The position is equal.} Rf4 79. Kd3 Rf3+ 80. Ke2 Rb3 81. Ra4 {Accuracy: White = 76%, Black = 63%.} 1/2-1/2